Представление документа в формате RUSMARC

ПолеНазваниеЗначение
  Тип записи a
  Библиографический уровень a
001 Контрольный номер RU/CBS_Ul/BASE/442587431
005 Дата корректировки 20240209175134.4
100 Данные общей обработки __
a Данные общей обработки 20140109d2014 ||| 0rusy0189 ca
101 Язык документа 0_
a Язык текста rus
102 Страна публикации __
a Страна публикации RU
105 Кодированные данные (монография) __
a Кодированные данные (монография) y###||||000|y
200 Заглавие и сведения об ответственности 1_
a Заглавие Кожа на пять
b Общее обозначение материала Текст
e Сведения, относящиеся к заглавию [проблемы с кожей у подростков]
f Первые сведения об ответственности Ольга Андреева
300 Общие примечания __
a Общие примечания Ограничения по возрасту - 12+
461 Уровень набора _0
1 2000
a Здоровье школьника
463 Уровень физической единицы _0
1 001RU/CBS_Ul/BASE/442578906
1 2000
a №11
v С.48-50
1 210
d 2013
606 Тематические рубрики 0_
a Основная рубрика Гигиена кожи
610 Ключевые слова 0_
a Ключевые слова кожа
a Ключевые слова гигиена
a Ключевые слова дерматология
a Ключевые слова подростки
686 Индексы других классификаций __
a Классификационный индекс 51.204.1
2 Код системы ББК
700 Автор _1
a Фамилия Андреева
b Имя (инициалы) Ольга
g Полное личное имя О.
801 Источник записи _0
a Страна RU
b Организация МБУК ЦБС г. Ульяновска
c Дата составления 20140109
g Правила каталогизации RCR
801 Источник записи _1
a Страна RU
b Организация МБУК ЦБС г. Ульяновска
c Дата составления 20140109
g Правила каталогизации RCR
901 Тип документа __
t Тип документа b
w Контрольный № источника RU/CBS_Ul/BASE/442578906
910 Корректоры записи __
a Корректор записи Библиотека 18
938 Служебная информация __
a Имя БД period